[Event "BIH-chT 12th"]
[Site "Sarajevo"]
[Date "2013.06.21"]
[Round "7.1"]
[White "Narancic, Vlado"]
[Black "Muratovic, Enver"]
[Result "1-0"]
[WhiteElo "2329"]
[BlackElo "2289"]
[PlyCount "159"]
[EventDate "2013.06.15"]
[EventType "team-tourn"]
[EventRounds "9"]
[EventCountry "BIH"]
[SourceTitle "CBM 155 Extra"]
[Source "ChessBase"]
[SourceDate "2013.08.26"]
[SourceVersion "1"]
[SourceVersionDate "2013.08.26"]
[SourceQuality "1"]
[WhiteTeam "Prijedor Rudar"]
[BlackTeam "Zenica Celik"]
[WhiteTeamCountry "BIH"]
[BlackTeamCountry "BIH"]

1. e4 e6 2. d3 c5 3. Nf3 Nc6 4. c3 d6 5. Nbd2 Nf6 6. g3 Be7 7. Bg2 0-0 8. 0-0 Qc7 9. Re1 Rd8 10. a3 a5 11. a4 Rb8 12. Nc4 Nd7 13. Na3 Nde5 14. Qc2 Nxf3+ 15. Bxf3 Bf6 16. Bg2 Na7 17. Bf4 e5 18. Be3 b6 19. f4 Bb7 20. Nc4 Nc6 21. Re2 Ba6 22. Rf1 exf4 23. gxf4 Re8 24. Bf2 Bxc4 25. dxc4 Rbd8 26. Bg3 Qd7 27. Rfe1 h5 28. Qd3 h4 29. Bf2 Qg4 30. Qf3 Qxf3 31. Bxf3 Ne7 32. Be3 Ng6 33. Kg2 Nf8 34. Kh3 Ne6 35. Kg4 Kf8 36. Bc1 g6 37. e5 dxe5 38. fxe5 Bg7 39. Kxh4 Ke7 40. Rd2 Rh8+ 41. Kg3 Rxd2 42. Bxd2 g5 43. Bg4 Rd8 44. Bc1 Rd3+ 45. Kf2 Nf4 46. Bf5 Rd8 47. Kf3 Rh8 48. Bxf4 gxf4 49. h3 Rd8 50. Re2 Bh6 51. Ke4 Rd1 52. Bg4 Rd8 53. Bh5 Rd1 54. Kf5 f3 55. Bxf3 Rf1 56. Ke4 f5+ 57. exf6+ Kxf6 58. Rg2 Re1+ 59. Kd5 Re3 60. Bg4 Re1 61. Kc6 Rb1 62. Rf2+ Ke7 63. Bf5 Rh1 64. Re2+ Kf8 65. Be4 Rxh3 66. Kxb6 Ke7 67. Kxc5 Kd8 68. Kb5 Kc7 69. Bd5 Bf8 70. Kxa5 Rh6 71. Rf2 Bc5 72. Rf7+ Kb8 73. Rb7+ Kc8 74. Kb5 Be3 75. a5 Rh2 76. b4 Ra2 77. Re7 Bg5 78. Rf7 Bd8 79. Kc6 Re2 80. a6 1-0